书目信息 |
| 题名: |
公共英语演讲教程
|
|
| 作者: | 王斌 , 徐静 , 王斌 主编 | |
| 分册: | ||
| 出版信息: | 北京 中国人民大学出版社 2005 |
|
| 页数: | 140页 | |
| 开本: | 26cm | |
| 丛书名: | ||
| 单 册: | ||
| 中图分类: | H311.9 | |
| 科图分类: | ||
| 主题词: | 英语 , 英语--演讲--研究生--教材 | |
| 电子资源: | ||
| ISBN: | 7-300-06866-9 | |
| 000 | 01073nam0 2200301 450 | |
| 000 | 01040nam0 2200289 450 | |
| 000 | 00971nam0 2200265 450 | |
| 000 | 00935oam2 2200253 45 | |
| 005 | 20070724085454.29 | |
| 010 | @a7-300-06866-9@dCNY19.00 | |
| 100 | @a20070627d2005 em y0chiy0120 ea | |
| 101 | 0 | @achi |
| 102 | @aCN@b110000 | |
| 105 | @ay z 000yy | |
| 200 | 1 | @a公共英语演讲教程@AGong Gong Ying Yu Yan Jiang Jiao Cheng@dPublic speaking in Englishf王斌,徐静主编@f王斌@Fwang bin@zeng |
| 210 | @a北京@c中国人民大学出版社@d2005 | |
| 215 | @a140页@d26cm | |
| 300 | @a研究生英语选修系列教程(第一辑) | |
| 330 | @a本书分10个单元,每个单元自成一体,重点针对演讲的某一特定环节,概述成功演讲所需的基本技巧,从理论与实践的层面探讨语言、风格、陈述等问题。 | |
| 510 | 1 | @aPublic speaking in English@zeng |
| 606 | 0 | @a英语 |
| 606 | 0 | @a英语@x演讲@x研究生@j教材 |
| 690 | @aH311.9@v4 | |
| 701 | 0 | @a王斌@AWang Bin@c(英语)@4主编 |
| 701 | 0 | @a徐静@AXu Jing@c(英语)@4主编 |
| 701 | 0 | @a王斌@Awang bin |
| 801 | 0 | @aCN@bTAOJIN@c20070724 |
| 905 | @a10447@dH311.9@e56 | |
| 公共英语演讲教程=Public speaking in Englishf王斌,徐静主编/王斌.-北京:中国人民大学出版社,2005 |
| 140页;26cm |
| 研究生英语选修系列教程(第一辑) |
| ISBN 7-300-06866-9:CNY19.00 |
| 本书分10个单元,每个单元自成一体,重点针对演讲的某一特定环节,概述成功演讲所需的基本技巧,从理论与实践的层面探讨语言、风格、陈述等问题。 |
| ● |
| 相关链接 |
|
|
|
|
正题名:公共英语演讲教程
索取号:H311.9/56
 
预约/预借
| 序号 | 登录号 | 条形码 | 馆藏地/架位号 | 状态 | 备注 |
| 1 | 0823422 | 208234221 | 第二样本阅览室/ [索取号:H311.9/56] | 在馆 | |
| 2 | 0823423 | 208234230 | 第四借阅区/ [索取号:H311.9/56] | 在馆 | |
| 3 | 0823424 | 208234249 | 第四借阅区/ [索取号:H311.9/56] | 在馆 | |
| 4 | 0823425 | 208234258 | 第四借阅区/ [索取号:H311.9/56] | 在馆 | |
| 5 | 0823426 | 208234267 | 第四借阅区/ [索取号:H311.9/56] | 在馆 | |
| 6 | 0823427 | 208234276 | 第四借阅区/ [索取号:H311.9/56] | 在馆 | |
| 7 | 0823428 | 208234285 | 第四借阅区/ [索取号:H311.9/56] | 在馆 | |
| 8 | 0823429 | 208234294 | 第四借阅区/ [索取号:H311.9/56] | 在馆 |